1566 1591 1492 1074 1221 1441 1332 1810 1542 1836 1336 1036 1990 1594 1578 1336 1712 1928 1065 1404 1466 1603 1504 1946 1172 1588 1501 1420 1646 1785 1621 1367 1047 1536 1296 1399 1785 1561 1414 1333 1287 1094 1547 1278 1528 1416 1183 1481 1077 1343 1958 1136 1744 1030 1203 1744 1285 1279 1352 1025 1620 1029 1224 1033 1529 1676 1118 1228 1510 1019 1622 1204 1601 1740 1041 1834 1206 1464 1374 1733 1875 1389 1221 1855 1876 1446 1637 1404 1134 1191 1910 1838 1890 1546 1800 1166 1687 1667 1172 BCNSPRNW ULIB Ver.6.0+V

เปลี่ยนเป็นภาษาไทย

Change to English
 แสดงรายละเอียดบรรณานุกรม
  กลับหน้าหลัก

Brief Record : Get Marc (ISO 2709) : E-mail record : QR code < ปิดหน้าต่าง
LEADER : 00000nam 2200000uu 4500
001    13399125874
003     ULIB
008    020711s2560 th a 000 0 tha d
020    ู^a9789990120011
060    ^aQT255^bจ138ห
100    ^aจตุรงค์ เหมรา.
245    ^aหลักการและการปฏิบัติ : การทดสอบสมรรถภาพทางกาย/^bจตุรงค์ เหมรา.
260    ^aลำปาง :^bลำปางบรรณกิจพริ้นติ้ง,^c2560
300    ^a333 หน้า;^c30 ซม.
650    ^aการออกกำลังกาย
650  0 ^aการทดสอบสมรรถภาพ
945    ^p350^l0^i003297
945    ^p350^l0^i003298
945    ^p350^l0^i003299
999    ^aประนอม เกษจรัล
รายการนี้ยังไม่มีแท็ก
คุณยังไม่ได้ล็อกอิน คุณสามารถมีกิจกรรมร่วมกับเว็บไซต์ได้ แต่ต้องล็อกอินก่อน ::
  ล็อกอิน

รายการสื่อสารสนเทศ

ลำดับที่ ประเภท เลขเรียก/บาร์โค้ด สถานที่ สถานะ
1. วิทยาศาสตร์การแพทย์ และสุขภาพ
หนังสือสำรอง
สถานะ=หนังสือสำรอง
QT255 จ138ห ฉ.1 
  Barcode: 003297
ห้องสมุดวิทยาเขตสวรรค์ประชารักษ์
►หนังสือทั่วไป
บนชั้น
2. วิทยาศาสตร์การแพทย์ และสุขภาพ
วิทยาศาสตร์การแพทย์ และสุขภาพ
QT255 จ138ห ฉ.2 
  Barcode: 003298
ห้องสมุดวิทยาเขตสวรรค์ประชารักษ์
►หนังสือทั่วไป
บนชั้น
3. วิทยาศาสตร์การแพทย์ และสุขภาพ
วิทยาศาสตร์การแพทย์ และสุขภาพ
QT255 จ138ห ฉ.3 
  Barcode: 003299
ห้องสมุดวิทยาเขตสวรรค์ประชารักษ์
►หนังสือทั่วไป
บนชั้น

รายการใกล้เคียง
    หัวเรื่อง [การออกกำลังกาย]
    หัวเรื่อง [การทดสอบสมรรถภาพ]

BibComment


ยังไม่เคยถูกคอมเมนท์

คอมเมนท์ทรัพยากรรายการนี้
  คอมเมนท์: หลักการและการปฏิ..


 Copyright 2026. Bcnsprnw @Library